| Tag |
First Indicator |
Second Indicator |
Subfields |
| LEADER |
00000cam a2200000 i 4500 |
| 001 |
in00000037601 |
| 005 |
20151007074403.0 |
| 008 |
751124s1952 fr ac b 00000 fre |
| 010 |
|
|
|a 52004630
|
| 035 |
|
|
|a (OCoLC)01851053
|
| 035 |
|
|
|9 AAF1437AM
|
| 040 |
|
|
|a DLC
|c YNG
|d TXA
|d UtOrBLW
|
| 049 |
|
|
|a TXAM
|c [224158]
|
| 050 |
|
0 |
|a QR145
|b .L3 1952
|
| 082 |
0 |
|
|a 589.2
|
| 092 |
|
|
|a 589.2
|b L276p2
|
| 100 |
1 |
|
|a Langeron, Maurice,
|d 1874-1950.
|
| 245 |
1 |
0 |
|a Precis de mycologie :
|b mycologie generale, mycologie humaine, et animale techniques.
|
| 250 |
|
|
|a 2. ed., rev. et augm. /
|b par R. Vanbreuseghem. Pref. du Pr Edmond Sergent.
|
| 264 |
|
1 |
|a Paris :
|b Masson,
|c 1952.
|
| 300 |
|
|
|a viii, 703 pages :
|b illustrations, portrait ;
|c 26 cm.
|
| 336 |
|
|
|a text
|b txt
|2 rdacontent
|
| 337 |
|
|
|a unmediated
|b n
|2 rdamedia
|
| 338 |
|
|
|a volume
|b nc
|2 rdacarrier
|
| 490 |
1 |
|
|a Collection de precis medicaux
|
| 504 |
|
|
|a Includes bibliographies.
|
| 650 |
|
0 |
|a Medical mycology.
|
| 830 |
|
0 |
|a Collection de précis médicaux.
|
| 999 |
|
|
|a MARS
|
| 999 |
f |
f |
|s 40cdf1f1-2684-3c1a-8764-14b32bb877a8
|i 03b0cb82-852f-360c-9d67-68b5a958974e
|t 0
|
| 952 |
f |
f |
|p ric
|a Texas A&M University
|b Rellis Campus
|c Joint Library Facility
|d Remote Storage
|t 0
|e QR145 .L3 1952
|h Library of Congress classification
|i unmediated -- volume
|m A14800999010
|
| 998 |
f |
f |
|a QR145 .L3 1952
|t 0
|l Remote Storage
|